| 000 | 00509nam a2200157 i 4500 | ||
|---|---|---|---|
| 001 | 49577 | ||
| 003 | ES-MaACL | ||
| 005 | 20230906162021.0 | ||
| 007 | t| | ||
| 008 | 030718s1971 sp ||||1| cat d | ||
| 100 | 1 |
_aCosta y Via, Montserrat. _941124 |
|
| 245 | 1 | 0 |
_aEstudi de l'obra d'Anna Rubiés _b: Maestra 1881-1963 / _cMontserrat Costa y Via. |
| 260 |
_aBarcelona : _bFundació Salvador Vives Casajuana, _c1971. |
||
| 300 |
_a132 p., 1 lám. retr. aut. ; _c24 cm. |
||
| 852 |
_aES-MaACL _jC-45029 _bR.78657 |
||
| 999 |
_c49577 _d49577 |
||